[Event "Muret op Seniors"]
[Site "Muret"]
[Date "2016.06.21"]
[Round "2"]
[White "Saunders, Mark A"]
[Black "Germes, Alain"]
[Result "0-1"]
[WhiteElo "1741"]
[BlackElo "2002"]
[PlyCount "78"]
[EventDate "2016.06.20"]
[EventType "swiss"]
[EventRounds "7"]
[EventCountry "FRA"]
[SourceTitle "EXT 2017"]
[Source "ChessBase"]
[SourceDate "2016.10.25"]
[SourceVersion "1"]
[SourceVersionDate "2016.10.25"]
[SourceQuality "1"]

1. e4 e6 2. d4 b6 3. Nf3 Bb7 4. Bd3 Nf6 5. Qe2 d5 6. e5 Nfd7 7. 0-0 c5 8. c3 Be7 9. Re1 Nc6 10. a3 c4 11. Bc2 b5 12. Nbd2 a5 13. Nf1 b4 14. Ng3 h5 15. h3 b3 16. Bb1 Nb6 17. Be3 Na4 18. Qd2 Kd7 19. Ng5 Qg8 20. Nf5 Bxg5 21. Bxg5 exf5 22. Bxf5+ Kc7 23. e6 f6 24. Bf4+ Kb6 25. e7 g5 26. Bd6 Qg7 27. Re2 Rhe8 28. Rae1 Bc8 29. Bxc8 Raxc8 30. Re6 Qg6 31. Qe2 g4 32. h4 Kb7 33. g3 Qf5 34. Kf1 Ne5 35. dxe5 Qxe6 36. f4 fxe5 37. fxe5 Qf5+ 38. Kg1 Qf3 39. Qd2 Qxg3+ 0-1

[Event "Muret op Seniors"]
[Site "Muret"]
[Date "2016.06.20"]
[Round "1"]
[White "Germes, Alain"]
[Black "Hocher, Eugene"]
[Result "1-0"]
[WhiteElo "2002"]
[BlackElo "1577"]
[PlyCount "119"]
[EventDate "2016.06.20"]
[EventType "swiss"]
[EventRounds "7"]
[EventCountry "FRA"]
[SourceTitle "EXT 2017"]
[Source "ChessBase"]
[SourceDate "2016.10.25"]
[SourceVersion "1"]
[SourceVersionDate "2016.10.25"]
[SourceQuality "1"]

1. d4 d5 2. Bf4 Nf6 3. e3 c6 4. Bd3 e6 5. Nd2 Nbd7 6. Ngf3 Be7 7. h3 Qb6 8. Rb1 0-0 9. 0-0 Qa5 10. a3 a6 11. Qe2 Qb6 12. Ne5 c5 13. c3 Re8 14. b4 c4 15. Bc2 Qd8 16. e4 Nxe5 17. Bxe5 b5 18. Bxf6 Bxf6 19. e5 Be7 20. a4 a5 21. axb5 axb4 22. cxb4 Qb6 23. Nxc4 dxc4 24. Qe4 g6 25. Qxa8 Bd7 26. Qa6 Qb8 27. b6 Bc6 28. b5 Bb7 29. Qa7 Qc8 30. Rfe1 Rd8 31. Be4 Rd7 32. Bxb7 Rxb7 33. Qa6 Bd8 34. Rec1 Bxb6 35. Rxc4 Qb8 36. Rbc1 Bc7 37. Rc6 Ra7 38. Rxc7 Rxc7 39. Rxc7 Qxc7 40. Qc6 Qa5 41. g3 Qa1+ 42. Kg2 Qxd4 43. b6 Qxe5 44. b7 Kg7 45. Qb6 Qb8 46. h4 h6 47. Qb5 g5 48. hxg5 h5 49. f4 Kg8 50. Qc6 Kg7 51. Qc3+ Kh7 52. Qd3+ Kg8 53. Qb5 Kh7 54. Qb1+ Kg7 55. Kh3 Kf8 56. Qb5 Ke7 57. Kh4 Kf8 58. Kxh5 Ke7 59. Qc6 Qd8 60. Qc5+ 1-0

[Event "La Pobla de Lillet op 23rd"]
[Site "La Pobla de Lillet"]
[Date "2013.08.06"]
[Round "5"]
[White "Germes, Alain"]
[Black "Bautista Sanchez, Joan"]
[Result "1/2-1/2"]
[WhiteElo "2029"]
[BlackElo "2185"]
[PlyCount "85"]
[EventDate "2013.08.02"]
[EventType "swiss"]
[EventRounds "9"]
[EventCountry "ESP"]
[SourceTitle "EXT 2014"]
[Source "ChessBase"]
[SourceDate "2013.11.20"]
[SourceVersion "1"]
[SourceVersionDate "2013.11.20"]
[SourceQuality "1"]

1. d4 Nf6 2. Nf3 d5 3. Bf4 e6 4. e3 Be7 5. h3 0-0 6. Nbd2 b6 7. Bd3 Bb7 8. Ne5 Nbd7 9. 0-0 c5 10. c3 a6 11. Qe2 b5 12. a3 c4 13. Bc2 Ne4 14. f3 Nxe5 15. fxe4 Ng6 16. e5 Nxf4 17. exf4 g6 18. Qg4 a5 19. Nf3 Ra6 20. h4 h5 21. Qg3 Kg7 22. Ng5 Bxg5 23. fxg5 Bc6 24. Rf6 Be8 25. Raf1 Rg8 26. Qf3 Qe7 27. g4 Rh8 28. Qg3 hxg4 29. Bd1 b4 30. Bxg4 bxa3 31. bxa3 Qxa3 32. Qh3 Qe7 33. h5 a4 34. Qf3 a3 35. h6+ Kg8 36. Ra1 Kh7 37. Qe3 Bd7 38. Rf2 Rb8 39. Rfa2 Rb2 40. Qc1 Be8 41. Bd1 Ra8 42. Kf1 Bc6 43. Be2 1/2-1/2

[Event "Rohde op 12th"]
[Site "Sautron"]
[Date "2012.11.??"]
[Round "8"]
[White "Germes, Alain"]
[Black "Billon, Tanguy"]
[Result "1-0"]
[WhiteElo "2086"]
[BlackElo "1437"]
[PlyCount "39"]
[EventDate "2012.10.27"]
[EventType "swiss"]
[EventRounds "9"]
[EventCountry "FRA"]
[SourceTitle "EXT 2014"]
[Source "ChessBase"]
[SourceDate "2013.11.20"]
[SourceVersion "1"]
[SourceVersionDate "2013.11.20"]
[SourceQuality "1"]

1. d4 d5 2. Bf4 Nf6 3. e3 e6 4. Nd2 Nbd7 5. Ngf3 Be7 6. Bd3 b6 7. 0-0 0-0 8. Ne5 Bb7 9. c3 c5 10. Qe2 a6 11. h3 Nxe5 12. Bxe5 Bd6 13. Rad1 Bxe5 14. dxe5 Nd7 15. f4 f6 16. Qh5 f5 17. Nf3 h6 18. Kh2 Kh7 19. Ng5+ Kg8 20. Nxe6 1-0

[Event "Fouesnant op 04th"]
[Site "Fouesnant"]
[Date "1998.10.26"]
[Round "4"]
[White "Caroff, Frederic"]
[Black "Germes, Alain"]
[Result "1/2-1/2"]
[WhiteElo "1920"]
[BlackElo "2120"]
[PlyCount "68"]
[EventDate "1998.10.24"]
[EventType "swiss"]
[EventRounds "9"]
[EventCountry "FRA"]
[SourceTitle "EXT 2001"]
[Source "ChessBase"]
[SourceDate "2000.11.22"]
[SourceVersion "1"]
[SourceVersionDate "2000.11.22"]
[SourceQuality "1"]

1. e4 b6 2. d4 Bb7 3. Bd3 Nf6 4. Qe2 e6 5. Nf3 d5 6. e5 Ne4 7. Nbd2 Nxd2 8. Bxd2 Be7 9. c3 a5 10. h4 h6 11. h5 Ba6 12. Bxa6 Nxa6 13. Rh3 Qd7 14. Rg3 Bf8 15. Kf1 c5 16. Be3 Nc7 17. Kg1 Qb5 18. Qd2 a4 19. Ne1 Na6 20. f4 cxd4 21. Bxd4 Nc5 22. Bxc5 Bxc5+ 23. Kh2 0-0 24. Nd3 Kh8 25. Re1 Rad8 26. Qe2 d4 27. Nxc5 Qxe2 28. Rxe2 bxc5 29. cxd4 Rxd4 30. Rf3 Rfd8 31. g3 Rd2 32. Rff2 R2d4 33. Rc2 c4 34. Kg2 g6 1/2-1/2

[Event "Fouesnant op 03rd"]
[Site "Fouesnant"]
[Date "1997.??.??"]
[Round "7"]
[White "Te, Roza"]
[Black "Germes, Alain"]
[Result "1-0"]
[WhiteElo "2300"]
[BlackElo "2135"]
[PlyCount "45"]
[EventDate "1997.10.??"]
[EventType "swiss"]
[EventRounds "9"]
[EventCountry "FRA"]
[SourceTitle "EXT 2003"]
[Source "ChessBase"]
[SourceDate "2002.11.25"]
[SourceVersion "1"]
[SourceVersionDate "2002.11.25"]
[SourceQuality "1"]

1. e4 b6 2. d4 Bb7 3. Bd3 Nf6 4. Nd2 e6 5. Ngf3 d5 6. e5 Ne4 7. 0-0 Be7 8. c3 a5 9. Re1 Nxd2 10. Nxd2 Ba6 11. Bc2 c5 12. Qg4 g6 13. Nf3 Nc6 14. Bh6 Bf8 15. Bg5 Be7 16. dxc5 bxc5 17. Ba4 Bb7 18. c4 d4 19. Qf4 Bxg5 20. Nxg5 Qe7 21. Ne4 0-0 22. Nf6+ Kg7 23. Qh4 1-0

[Event "FRA-ch Accession"]
[Site "Chambery"]
[Date "1994.??.??"]
[Round "10"]
[White "Germes, Alain"]
[Black "Pass, Deborah"]
[Result "1-0"]
[WhiteElo "2060"]
[BlackElo "1810"]
[PlyCount "109"]
[EventDate "1994.??.??"]
[EventType "swiss"]
[EventRounds "11"]
[EventCountry "FRA"]
[SourceTitle "EXT 2004"]
[Source "ChessBase"]
[SourceDate "2003.11.25"]
[SourceVersion "1"]
[SourceVersionDate "2003.11.25"]
[SourceQuality "1"]

1. b3 e5 2. Bb2 Nc6 3. e3 Nf6 4. Bb5 d6 5. Nf3 Bd7 6. d4 e4 7. Nfd2 a6 8. Be2 d5 9. c4 Be6 10. Nc3 Be7 11. Qc2 Nb4 12. Qb1 Bg4 13. cxd5 Bxe2 14. Kxe2 Nbxd5 15. Ndxe4 0-0 16. Nxf6+ Nxf6 17. Qf5 Re8 18. Rhd1 g6 19. Qf3 c6 20. Kf1 Qc7 21. g3 Rad8 22. Rac1 Qd7 23. Kg2 h5 24. h4 b5 25. Rc2 Qb7 26. Rdc1 Rd6 27. Nd1 Rc8 28. e4 Ng4 29. d5 Qb6 30. Ne3 Bf6 31. Nxg4 Bxb2 32. Rxb2 hxg4 33. Qxg4 Rc7 34. Rbc2 Qd4 35. Rd1 Qb6 36. Rcd2 cxd5 37. exd5 Rcd7 38. h5 Qb7 39. hxg6 Rxg6 40. Qd4 Rdd6 41. Rh1 Rh6 42. Rxh6 Rxh6 43. Re2 Qc8 44. f3 Qh3+ 45. Kf2 Qh2+ 46. Ke3 Qg1+ 47. Rf2 Qxg3 48. Qg4+ Qxg4 49. fxg4 Rd6 50. Kd4 Kf8 51. Re2 Rg6 52. Re4 Rf6 53. Kc5 Rf2 54. d6 Rc2+ 55. Kb6 1-0